Statistics for An Capitals

Click here to take the quiz!

General Stats

  • This quiz has been taken 4 times
  • The average score is 6 of 8

Answer Stats

HintAnswer% Correct
PakistanIslamabad
100%
AfghanistanKabul
100%
KyrgyzstanBishkek
75%
KazakhstanNur Sultan
75%
TurkmenistanAshgabat
50%
AzerbaijanBaku
50%
TajikistanDushanbe
50%
UzbekistanTashkent
50%

Score Distribution

Percentile by Number Answered

Percent of People with Each Score

Your Score History

You have not taken this quiz